LEADER 01214nam0 22002891i 450 001 SUN0021143 005 20160922023500.403 010 $a88-7758-147-6 100 $a20040802d1992 |0itac50 ba 101 $aita 102 $aIT 105 $a|||| ||||| 200 1 $aLettura delle carte geologiche$fBrian Simpson$gedizione italiana a cura di Gioacchino Cusimano, Pietro Di Stefano 210 $aPalermo$cD. Flaccovio$d1992 215 $a107 p.$cill.$d28 cm. 620 $dPalermo$3SUNL000013 676 $a526$cCartografia$v22 700 1$aSimpson$b, Brian$3SUNV017429$0442471 702 1$aCusimano$b, Gioacchino$3SUNV017430 702 1$aDi Stefano$b, Pietro$3SUNV017431 712 $aFlaccovio$3SUNV001882$4650 801 $aIT$bSOL$c20181109$gRICA 912 $aSUN0021143 950 $aUFFICIO DI BIBLIOTECA DEL DIPARTIMENTO DI SCIENZE E TECNOLOGIE AMBIENTALI BIOLOGICHE E FARMACEUTICHE$d17 CONS Sc7 $e17 FSA787 995 $aUFFICIO DI BIBLIOTECA DEL DIPARTIMENTO DI SCIENZE E TECNOLOGIE AMBIENTALI BIOLOGICHE E FARMACEUTICHE$bIT-CE0101$gFSA$h787$kCONS Sc7$oc$qa 996 $aGeological Maps$922603 997 $aUNICAMPANIA LEADER 01072nam a22002411i 4500 001 991002003769707536 005 20040116110410.0 008 040407s1979 it |||||||||||||||||ita 035 $ab12856162-39ule_inst 035 $aARCHE-083578$9ExL 040 $aDip.to Scienze Storiche$bita$cA.t.i. Arché s.c.r.l. Pandora Sicilia s.r.l. 082 04$a551 100 1 $aDe Meo, Francesca$0269837 245 13$aUn esempio di analisi degli elementi climatici nella programmazione territoriale :$bi venti a Perugia /$cFrancesca De Meo 260 $a[S.l. :$bs.n.,$c1979?] 300 $a1 v. ;$c24 cm. 500 $aEstr. da: Atti del 1. Convegno di meteorologia appenninica, Reggio Emilia, 7-10 aprile 1979. 907 $a.b12856162$b02-04-14$c16-04-04 912 $a991002003769707536 945 $aLE009 GEOG.MISC. 4/18$g1$i2009000316300$lle009$o-$pE0.00$q-$rn$so $t0$u0$v0$w0$x0$y.i13415980$z16-04-04 996 $aEsempio di analisi degli elementi climatici nella programmazione territoriale$9302094 997 $aUNISALENTO 998 $ale009$b16-04-04$cm$da $e-$fita$git $h3$i1 LEADER 01714oam 2200481 450 001 9910704756003321 005 20130807091456.0 035 $a(CKB)5470000002444165 035 $a(OCoLC)681324217 035 $a(EXLCZ)995470000002444165 100 $a20101115d1984 ua 0 101 0 $aeng 135 $aurbn||||||||| 181 $ctxt$2rdacontent 182 $cc$2rdamedia 183 $acr$2rdacarrier 200 10$aResidual stocking not seriously reduced by logging damage from thinning of West Virginia cherry-maple stands /$fNeil I. Lamson, H. Clay Smith, Gary W. Miller 210 1$aBroomall, PA :$cUnited States Department of Agriculture, Forest Service, Northeastern Forest Experiment Station,$d[1984] 215 $a1 online resource (7 pages) $cillustrations 225 1 $aResearch paper NE ;$v541 300 $aTitle from title screen (viewed on July 23, 2013). 320 $aIncludes bibliographical references (page 7). 606 $aLogging$zWest Virginia 606 $aMaple$zWest Virginia 606 $aCherry$zWest Virginia 606 $aForest thinning$zWest Virginia 615 0$aLogging 615 0$aMaple 615 0$aCherry 615 0$aForest thinning 700 $aLamson$b Neil I.$01390804 702 $aSmith$b H. Clay 702 $aMiller$b Gary W. 712 02$aNortheastern Forest Experiment Station (Radnor, Pa.), 712 02$aUnited States.$bForest Service, 801 0$bOCLCE 801 1$bOCLCE 801 2$bOCLCQ 801 2$bGPO 906 $aBOOK 912 $a9910704756003321 996 $aResidual stocking not seriously reduced by logging damage from thinning of West Virginia cherry-maple stands$93501385 997 $aUNINA